| 000 | 00000nam 2200000za 4500 |
| 001 | 9.828279 |
| 003 | CaOODSP |
| 005 | 20221107145017 |
| 007 | cr ||||||||||| |
| 008 | 161128s2016 bccoba #o f000 0 eng d |
| 040 | |aCaOODSP|beng |
| 043 | |an-cn--- |
| 086 | 1 |aR64-463/2016E-PDF |
| 245 | 00|aGwaii Haanas trip planner 2016 |h[electronic resource] / |cGwaii Haanas National Park Reserve, National Marine Conservation Areas Reserve, and Haida Heritage Site. |
| 260 | |aSkidegate, BC : |bParks Canada, Haida Nation, |c[2016]. |
| 300 | |a30 p. : |bphotographs, maps, ill. |
| 500 | |aIssued also in French under title: Gwaii Haanas, planifiez votre visite 2016. |
| 520 | |a"Gwaii Haanas is a place where people can explore a way of life in which the land and sea are intertwined with humans and the supernatural. It is a place with over 12,000 years of human history." - p. [2]. |
| 692 | 07|2gccst|aNational parks |
| 692 | 07|2gccst|aConservation areas |
| 692 | 07|2gccst|aAboriginal lands |
| 710 | 1 |aCanada.|bCanadian Heritage. |bParks Canada. |
| 775 | 08|tGwaii Haanas, planifiez votre visite 2016 |w(CaOODSP)9.828284 |
| 856 | 40|qPDF|s2.27 MB|uhttps://publications.gc.ca/collections/collection_2016/pc/R64-463-2016-eng.pdf |